000 02346cam a22003614a 4500
001 16600906
003 OSt
005 20150408113918.0
008 110106s2011 enk b 001 0 eng
010 _a 2011000361
020 _a9780230008137 (pbk. : perm paper)
020 _a0230008135 (pbk. : perm paper)
035 _a(OCoLC)ocn696321813
040 _aDLC
_cDLC
_dYDX
_dCTN
_dYDXCP
_dBWX
_dCDX
_dDLC
042 _apcc
050 0 0 _b.W65 2011
082 0 0 _a820.9
_222
084 _2bisacsh
100 1 _aWolfreys, Julian,
_d1958-
_94191
245 1 4 _aThe English literature companion /
_cJulian Wolfreys.
260 _aHoundmills, Basingstoke, Hampshire ;
_aNew York :
_bPalgrave Macmillan,
_c2011.
300 _axviii, 421 p. ;
_c24 cm.
490 1 _aPalgrave student companions
504 _aIncludes bibliographical references (p. 395-402) and index.
505 8 _aMachine generated contents note: -- How to use the book -- PART I: STUDYING LITERATURE -- Studying Literature -- Your Literature Course -- Study Skills for Literature -- PART II: LITERATURE -- Literature -- Forms &--Genre -- Other Popular Modules &--Options -- PART III: CRITICAL APPROACHES -- PART IV: TERMS AND CONCEPTS -- PART V: CAREER PATHWAYS -- PART VI: LEARNING RESOURCE -- Chronology.
520 _a"JULIAN WOLFREYS is Senior Lecturer in the Department of English and Drama at Loughborough University, UK. He was previously Professor in Literature at the University of Florida, USA. His teaching and research is concerned with 19th- and 20th-century British literary and cultural studies, literary theory, the poetics and politics of identity, and the idea of the city. He is the series editor of Transitions and his publications include Introducing Literary Theories (ed. 2001), Readings: Acts of Close Reading in Literary Theory (2001) Glossalalia: An Alphabet of Critical Keywords (2003), and Thinking Otherwise: Difference and Pedagogy (2004)"--
650 0 _aEnglish literature
_xHistory and criticism.
830 0 _aPalgrave student companions.
_99938
856 4 2 _3Cover image
_uhttp://www.netread.com/jcusers/1388/2270753/image/lgcover.9780230008137.jpg
906 _a7
_bcbc
_corignew
_d1
_eecip
_f20
_gy-gencatlg
942 _2ddc
_cBOOK
999 _c14313
_d248813